000 00560cam a2200181 4500500
005 20260329004341.0
041 _afre
042 _adc
100 1 0 _aNathan, Tobie
_eauthor
245 0 0 _aRobot de cuisine connecté. Un espion aux fourneaux
260 _c2019.
500 _a81
690 _aHéraclite
690 _aThermomix
690 _aTobie Nathan
786 0 _nPhilosophie magazine | 132 | 9 | 2019-09-01 | p. 12-12 | 1951-1787
856 4 1 _uhttps://shs.cairn.info/magazine-philosophie-magazine-2019-9-page-12?lang=fr&redirect-ssocas=7080
999 _c1833058
_d1833058